LEADER 01178nam a2200265 i 4500 001 991004302835507536 005 20240112091202.0 008 240111s2011 vc e 00000 ita d 020 $a9788885042773 040 $aBibl. Dip.le Aggr. Scienze Umane e Sociali - Sez. Studi Storici 082 0 $a272.2092$222 100 1 $aFirpo, Massimo$0134244 245 02$aI processi contro don Lorenzo Davidico :$bedizione critica : il processo vescovile a Novara (1553-1555), il processo inquisitoriale a Roma (1555-1557) /$cMassimo Firpo, Dario Marcatto 260 $aCittà del Vaticano :$bArchivio segreto Vaticano,$c2011 300 $aCLXXXV, 395 p. ;$c25 cm 490 1 $aCollectanea Archivi Vaticani ;$v83 600 17$aDavidico, Lorenzo$xProcesso$xDocumenti 650 7$aInquisizione - Italia - Sec.16. - Fonti 700 1 $aMarcatto, Dario$eauthor$4http://id.loc.gov/vocabulary/relators/aut$0151974 740 32$aIl processo vescovile a Novara (1553-1555) 740 32$aIl processo inquisitoriale a Roma (1555-1557) 830 0$aCollectanea Archivi Vaticani ;$v83 912 $a991004302835507536 996 $aProcessi contro don Lorenzo Davidico$93659433 997 $aUNISALENTO LEADER 01594nas 2200457-a 450 001 9910143936503321 005 20260218111742.0 035 $a(CKB)991042723508248 035 $a(CONSER)---00241052- 035 $a(DE-599)ZDB2399235-9 035 $a(DE-599)2912415-3 035 $a(EXLCZ)99991042723508248 100 $a20000321a199u9999 --- - 101 0 $aspa 200 10$aAgrociencia $erevista científica de la Facultad de Agronomía, Universidad de la República Oriental del Uruguay 210 $aMontevideo, Uruguay $cLa Facultad 215 $a1 online resource 300 $aRefereed/Peer-reviewed 311 08$a1510-0839 606 $aAgriculture$vPeriodicals 606 $aAgriculture$zUruguay$vPeriodicals 606 $aAgriculture$xResearch$zUruguay$vPeriodicals 606 $aAgriculture$zUruguay$vPériodiques 606 $aAgriculture$xRecherhce$zUruguay$vPériodiques 606 $aAgriculture$2fast$3(OCoLC)fst00801355 606 $aAgriculture$xResearch$2fast$3(OCoLC)fst00801593 607 $aUruguay$2fast$1https://id.oclc.org/worldcat/entity/E39PBJjHdXHPxTYQvhjGMFt3Qq 608 $aPeriodicals.$2fast 615 0$aAgriculture 615 0$aAgriculture 615 0$aAgriculture$xResearch 615 6$aAgriculture 615 6$aAgriculture$xRecherhce 615 7$aAgriculture. 615 7$aAgriculture$xResearch. 712 02$aUniversidad de la Repu?blica (Uruguay).$bFacultad de Agronomi?a. 906 $aJOURNAL 912 $a9910143936503321 920 $aexl_impl conversion 996 $aAgrociencia$92040037 997 $aUNINA